00658 2200241 4500001002100000005001700021008004100038020002200079035002500101040001200126082001400138084001600152100002100168245006900189250001100258260003300269300003200302504003100334650001000365700001100375850001200386990001800398INLIS00000000001250820150911141458.0  a978-602-7640-63-4 a0010-091500000001021 aYOPDYOG 223a747.2 a747.2 Sav D aSAVVINO Alfrindo aDesain-desain pintu mempesonac/ Savvino Alfrido; Editor, Evrine aCet. 1 aJogjakartabDiva Pressc2012 a112 hlm.b: Ilus.c; 24 cm. aBibliografi : hlm. 110-112 aPintu aEVRINE aYOPDYOG a50454-PD/A.15